000 00334nam a2200121Ia 4500
008 220204s9999 xx 000 0 und d
082 _a059
_bWOO
100 _aWood, Gerald L
245 0 _aGuinness book of animal facts and feats
260 _aMiddlesex
_bGuiness superlative Ltd
_c1976
650 _aAnimals guinness book
942 _cBK
999 _c29797
_d29797